| 000 | 00453nam a22001697a 4500 | ||
|---|---|---|---|
| 008 | 150330b xxu||||| |||| 00| 0 eng d | ||
| 020 | _a9780323021104 | ||
| 041 | 0 | _aeng | |
| 080 | _a616.8 | ||
| 245 |
_aThe year book of neurology and neurosurgery 2005 / _cScott R. Gibbs; Ashok Verma. |
||
| 300 |
_a376 f.: _bme il.; _c26 cm. |
||
| 505 | _aIndex: f.373-376 | ||
| 650 | 0 | _aMjekësi | |
| 650 | 0 | _aNeurologji | |
| 650 | 0 | _aNeurokirurgji | |
| 942 |
_2udc _cBK |
||
| 999 |
_c616 _d616 |
||